000
00395nam a2200145Ia 4500
008
090124s9999 xx 000 0 und d
082
_b
134345
245
_a
झेन अथांग सागर
250
_a
1
260
_b
मीरा.
_c
2006
300
_a
96
630
_a
झेन अथांग सागर
730
_a
झेन अथांग सागर
942
_c
BOOK
999
_c
197383
_d
197383